This or That? - Bible Version (KJV) Quiz Stats

 Plays Quiz not verified by Sporcle

Also try: Bible 'A' Blitz
Challenge
Share
Tweet
Embed
Score 0/20 Timer 04:00
0 Plays Today
Word Pair Most Often Occurring % Correct
Love / Hate???
87.9%
Give / Take???
78.9%
Life / Death???
78.6%
More / Less???
77.5%
Good / Evil???
77.1%
Heaven / Hell???
71.1%
Think / Know???
69.3%
God / Man???
65.7%
Should / Would???
58.9%
Feast / Famine???
58.9%
Word Pair Most Often Occurring % Correct
Came / Went???
56.8%
Little / Much???
53.2%
Laugh / Cry???
51.4%
Hear / Say???
41.8%
Lost / Found???
39.3%
Us / Them???
38.9%
Prophet / Priest???
35%
This / That???
34.6%
Now / Then???
32.5%
You / Me???
23.2%

You're not logged in!

Compare scores with friends on all Sporcle quizzes.
OR
Log In

You Might Also Like...

Show Comments

Extras

Top Quizzes Today


Score Distribution

Your Account Isn't Verified!

In order to create a playlist on Sporcle, you need to verify the email address you used during registration. Go to your Sporcle Settings to finish the process.

Report this User

Report this user for behavior that violates our Community Guidelines.

Details: